Представление документа в формате RUSMARC

ПолеНазваниеЗначение
  Тип записи a
  Библиографический уровень m
001 Контрольный номер RU/REG73/CBS_GRAD/baf9d7bfe1a44e978e779b5e4909c503
005 Дата корректировки 20230627090757.7
010 Индекс ISBN __
a ISBN 978-5-353-09490-6
101 Язык документа 0_
a Язык текста rus
200 Заглавие и сведения об ответственности 1_
a Заглавие Мастер и Маргарита
f Первые сведения об ответственности Михаил Афанасьевич Булгаков
b Общее обозначение материала Текст
203 Вид содержания и тип средства __
a Вид содержания Текст (визуальный) : непосредственный
210 Выходные данные 1_
a Место издания Санкт-Петербург
c Издательство Азбука, Азбука-Аттикус
d Дата издания 2023
215 Физическое описание __
a Объем 480 с.
225 Серия 2_
a Серия Мировая классика
333 Примечание о целевом назначении __
a Примечание о целевом назначении 12+
686 Индексы других классификаций __
a Классификационный индекс 84 (2 Рос=Рус)6
700 Автор _1
a Фамилия Булгаков
g Полное личное имя Михаил Афанасьевич
801 Источник записи _0
a Страна RU
b Организация RuCBSGrad
g Правила каталогизации PSBO
801 Источник записи _1
a Страна RU
b Организация RuCBSGrad
g Правила каталогизации PSBO
901 Тип документа __
t Тип документа m
981 __
b i
2 isbdcontent
g e
982 __
b n
2 isbdmedia